If ...... Were a Country, Where Would it Rank in the World - Statistics

General Stats
  • This quiz has been taken 31 times
  • The average score is 5 of 20
Answer Stats
Question Answer % Correct
If the Australian State of Western Australia were a country, where would it rank in the world in terms of area? 10th, between Kazakhstan and Algeria
100%
If Australia's Aborigines were a country, where would they rank in the world in terms of their Human Development Index(HDI)? 109th, between Bolivia, Indonesia, Philippines; and Belize
50%
If the Australian territority of Northern Territority was a country where would it rank compared to nations in terms of being the least densely populated? 1st, the least densely populated
50%
If the Brazilian state of Mato Grosso were a country, where would it rank in the world in terms of Soybean production? 4th, between Argentina and China
50%
If the US state of Texas were a country, where would it rank compared to other nations for crude oil production? 4th, between Saudia Arabia and Canada
50%
If the Indonesian island of Java were a country, where would it rank in the world in terms of population? 9th, between Bangladesh and Russia
50%
If the Russian republic of Sakha were a country, where would it rank in the world compared to other nations in terms of the quantity of diamonds mined? 2nd, between Russia and Canada
25%
If mining company Anglo-American Platinum were a country, where would it rank in terms of platinum production? 2nd, between South Africa and Russia
25%
If the Thai province of Phuket were country, where would it rank in the world in terms of international tourist arrivals(pre-covid, 2017 figures)? 36th, between the Czech Republic and Switzerland
25%
If Japanese automobile company Toyota was a country, where would it be ranked compared to countries, comparing revenue to Gross Domestic Product(GDP)? 42nd, between Chile and Finland
25%
If the US state of California were a country, where would it rank in the world in terms of Gross Domestic Product(GDP)? 5th, between Germany and India
25%
If Beijing was a country, where would it rank in the world in terms of the number of billionaires it has? 6th, between Russia and Brazil
25%
If the Dallas Cowboys was a country, what would be the worth of it's team compared to nations Gross Domestic Product(GDP)? 147th, between Malawi and Fiji
0%
If Mexico City was a country, where would it be ranked compared to nations in relation to Gross Domestic Product(GDP)? 22nd, between Argentina and Sweden
0%
If New York City was a country, where would it rank in the world in terms of Covid-19 deaths? 22nd, between Romania and Ecuador
0%
If the Venezuelan city of Caracas were a country, where would it rank in the world in terms of intentional homicides? 30th, between Egypt and Turkey
0%
If the metropolitan area of Shanghai was country, where would it rank compared to nations in terms of population? 42nd, between Saudi Arabia and Uzbekistan
0%
If the Chinese province of Hunan was a country, where would it rank in the world compared to nations in terms of rice production? 5th, between Indonesia and Vietnam
0%
If the French region of Languedoc-Roussillon were a country, where would it rank in terms of wine production? 6th, between China and Argentina
0%
If the Japanese City of Kyoto were a country, where would it rank in the world in terms of the number of Michelin 3-star restaurants? 8th, between Germany and the United Kingdom
0%
No matching quizzes found
Score Distribution
Percent of People with Each Score
Percentile by Number Answered
Your Score History
You have not taken this quiz